000 00324nam a22001217a 4500
008 160423b xxu||||| |||| 00| 0 eng d
020 _a9780138995270
020 _a0138995273
041 _aeng
080 _a618.2
245 _aNursing foundations;
_cBeverly Witter Du Gas; Lynne Esson; SHaron E. Ronaldson;
942 _2udc
_cBK
999 _c1534
_d1534